Operations management in the forest products industry (Бичлэгийн дугаар. 146053)
| 000 -УДИРДЛАГА | |
|---|---|
| Удирдлага | 00847nam a22002897a 4500 |
| 003 - ХЯНАЛТЫН ТОО ТОДОРХОЙЛОГЧ | |
| Код | MN-UlNUM |
| 005 - БИЧИЛТ ХИЙСЭН ОГНОО | |
| Тухайн бичилтийг бичсэн засварласан сүүлийн огноо | 20260102154349.0 |
| 008 - ЕРӨНХИЙ МЭДЭЭЛЭЛ | |
| Ерөнхий мэдээлэл | 260102s1984 cauab||| |||| 001 0 eng | |
| 020 ## - ISBN | |
| ISBN | 0879301597 |
| -- | 0879301600 |
| 040 ## - БИЧЛЭГ ҮҮСГЭГЧ БАЙГУУЛЛАГА | |
| Бичлэг үүсгэгч номын сангийн код | МУИС-ийн номын сан |
| 084 ## - ББК АНГИЛАЛ | |
| Нэмэлт тусгалт | Бусад |
| ББК ангилал | 37.13 |
| Зохиогчийн гурван тэмдэгт | B 18 |
| Мэдлэгийн ялгаа | 3 - Техник |
| 100 1# - ЗОХИОГЧ | |
| Зохиогчийн нэр | Baldwin, Richard F. |
| 245 10 - ҮНДСЭН ГАРЧИГ | |
| Номын нэр | Operations management in the forest products industry |
| Оролцогчдын тухай мэдээ | Richard F. Baldwin. |
| 260 ## - ГАРАЛТЫН МЭДЭЭ | |
| Хэвлэгдсэн газар | San Francisco : |
| Хэвлэлийн газар | Miller Freeman Publications, |
| Хэвлэгдсэн он | 1984. |
| 300 ## - МАТЕРИАЛЫН ТОДОРХОЙЛОЛТ | |
| хуудасны тоо | 264 p. : |
| Бусад тоон мэдээлэл | ill. ; |
| Хэмжээ | 24 cm. |
| 500 ## - Тайлбар | |
| Дансны дугаар | БС 4818 |
| 546 ## - ХЭЛНИЙ ТУХАЙ МЭДЭЭ | |
| Хэл | Англи хэл дээр, |
| 653 ## - Түлхүүр үг | |
| Түлхүүр үг | forest products industry |
| 653 ## - Түлхүүр үг | |
| Түлхүүр үг | management |
| 740 ## - НОМЫН ГАРЧИГ | |
| Гарчиг | An overview |
| 740 ## - НОМЫН ГАРЧИГ | |
| Гарчиг | Management heritage |
| 740 ## - НОМЫН ГАРЧИГ | |
| Гарчиг | Management planning |
| 740 ## - НОМЫН ГАРЧИГ | |
| Гарчиг | The production process |
| 942 ## - ЭЛЕМЕНТИЙН ТӨРӨЛ | |
| Зүйлийн төрөл | Ном |
